OPAC Home

ආනාපානාසති භාවනාව විදසුන් වැඩීම හා නිවන (Record no. 124549)

MARC details
000 -LEADER
fixed length control field 00586nam a2200181Ia 4500
003 - CONTROL NUMBER IDENTIFIER
control field LK-CoDNM
008 - FIXED-LENGTH DATA ELEMENTS--GENERAL INFORMATION
fixed length control field 010623t2005 xxu||||| |||| 00| 1 sin d
040 ## - CATALOGING SOURCE
Original cataloging agency LK-CoDNM
Modifying agency LK-CoDNM
Description conventions LK-CoDNM
041 ## - LANGUAGE CODE
Language code of text/sound track or separate title Sinhala; Sinhalese
080 ## - UNIVERSAL DECIMAL CLASSIFICATION NUMBER
Universal Decimal Classification number 294.3 RAJ
942 ## - ADDED ENTRY ELEMENTS (KOHA)
Koha item type Books
100 ## - MAIN ENTRY--PERSONAL NAME
Personal name Rajapakse,D.T.P.
700 ## - ADDED ENTRY--PERSONAL NAME
Personal name Wasala Wikrama,A.
Relator term editor
245 ## - TITLE STATEMENT
Title ආනාපානාසති භාවනාව විදසුන් වැඩීම හා නිවන
246 ## - VARYING FORM OF TITLE
Title proper/short title Anapanasati Bhavanava Vidasun Vedeema Ha Nivana
260 ## - PUBLICATION, DISTRIBUTION, ETC. (IMPRINT)
Name of publisher, distributor, etc. D.T.P.Rajapakse
Place of publication, distribution, etc. Awissawella.
Date of publication, distribution, etc. 2005
300 ## - PHYSICAL DESCRIPTION
Other physical details 60p., 21 cm
Holdings
Withdrawn status Lost status Damaged status Not for loan Collection code Permanent Location Current Location Date acquired Full call number Barcode Koha item type
        Monographs Library National Museum Colombo - Sri Lanka Library National Museum Colombo - Sri Lanka 2023-08-02 294.3 RAJ P31768 Books
Copyright © 2023 Department of National Museum, Colombo 07, Sri Lanka Funded by UNESCO IFAP UNESCO